| 000 | 01041nam a22003137a 4500 | ||
|---|---|---|---|
| 999 |
_c200451669 _d69881 |
||
| 001 | 200451669 | ||
| 003 | TR-AnTOB | ||
| 005 | 20250604145421.0 | ||
| 007 | ta | ||
| 008 | 230127s2021 tu a|||j |||| 00| j tur d | ||
| 020 | _a9789752120631 | ||
| 040 |
_aTR-AnTOB _beng _erda _cTR-AnTOB |
||
| 041 | 0 | _atur | |
| 092 |
_a808.068 _bYILz 2021 |
||
| 100 | 1 |
_aYılmaz, Nilay _eauthor _d1971- _988910 |
|
| 245 | 1 | 0 |
_aZeno ve mondo : _bherkesin içinde kurbağalar zıplar / _cNilay Yılmaz ; Resimleyen: Rukiye Ulusan. |
| 250 | _a5. baskı | ||
| 264 | 1 |
_aİstanbul : _bAltın Kitaplar Yayınevi, _c2021. |
|
| 300 |
_a35 pages : _billustrations ; _c26 cm. |
||
| 336 |
_2rdacontent _atext _btxt |
||
| 337 |
_2rdamedia _aunmediated _bn |
||
| 338 |
_2rdacarrier _avolume _bnc |
||
| 490 | 0 | _aZeno ve Mondo Dizisi. | |
| 653 |
_aÇocuk edebiyatı _aÇocuk hikayeleri _aDoğa sevgisi _aKişilik özellikleri _aHisler |
||
| 700 | 1 |
_aUlusan, Rukiye _eillustrator _d1980- _9140404 |
|
| 942 |
_2ddc _cBK |
||